Você consegue adivinhar todas as músicas da Taylor Swift? - Statistics

Estatísticas Gerais
  • Esse quiz foi jogado 18 vezes
  • A pontuação média é 134 de 274
Estatísticas das Respostas
Resposta % Correto
Lover
94%
Love Story
94%
Red
94%
Blank Space
88%
cardigan
88%
Fearless
88%
Shake It Off
88%
The Fate Of Ophelia
88%
All Too Well
81%
All Too Well (10 Minute Version)
81%
Anti-Hero
81%
august
81%
Back To December
81%
Delicate
81%
Don't Blame Me
81%
evermore
81%
ME!
81%
Style
81%
the 1
81%
Bad Blood
75%
betty
75%
Karma
75%
Lavender Haze
75%
marjorie
75%
Question...?
75%
...Ready For It?
75%
The Life Of A Showgirl
75%
The Man
75%
willow
75%
You Belong With Me
75%
22
69%
Clara Bow
69%
Down Bad
69%
exile
69%
Father Figure
69%
Fortnight
69%
Gorgeous
69%
Haunted
69%
I Did Something Bad
69%
I Knew You Were Trouble
69%
Long Live
69%
Look What You Made Me Do
69%
Mine
69%
New Romantics
69%
Opalite
69%
Ours
69%
Peter
69%
seven
69%
Speak Now
69%
The Great War
69%
The Tortured Poets Department
69%
Welcome To New York
69%
White Horse
69%
Afterglow
63%
Begin Again
63%
Better Than Revenge
63%
But Daddy I Love Him
63%
Daylight
63%
Dear John
63%
Dress
63%
Eldest Daughter
63%
Elizabeth Taylor
63%
Enchanted
63%
Getaway Car
63%
gold rush
63%
Invisible
63%
King Of My Heart
63%
Mastermind
63%
Mean
63%
Midnight Rain
63%
mirrorball
63%
Miss Americana & The Heartbreak Prince
63%
Paper Rings
63%
peace
63%
"Slut!"
63%
So Long, London
63%
Sparks Fly
63%
The Albatross
63%
The Archer
63%
the last great american dynasty
63%
The Story Of Us
63%
Wildest Dreams
63%
Wonderland
63%
Wood
63%
You Need To Calm Down
63%
Bejeweled
56%
Cassandra
56%
champagne problems
56%
Cornelia Street
56%
Cruel Summer
56%
dorothea
56%
End Game
56%
Fifteen
56%
Florida!!!
56%
Honey
56%
I Can See You
56%
I Know Places
56%
illicit affairs
56%
invisible string
56%
Last Kiss
56%
loml
56%
London Boy
56%
mad woman
56%
Maroon
56%
My Boy Only Breaks His Favorite Toys
56%
my tears ricochet
56%
New Year's Day
56%
Out Of The Woods
56%
Paris
56%
Robin
56%
Ronan
56%
Safe & Sound
56%
Snow On The Beach
56%
Superman
56%
The Alchemy
56%
The Black Dog
56%
The Prophecy
56%
this is me trying
56%
Tim McGraw
56%
tolerate it
56%
We Are Never Ever Getting Back Together
56%
Who's Afraid Of Little Old Me?
56%
You're Losing Me
56%
You're On Your Own, Kid
56%
Actually Romantic
50%
All You Had To Do Was Stay
50%
Call It What You Want
50%
Clean
50%
coney island
50%
Dear Reader
50%
Electric Touch
50%
Glitch
50%
Guilty As Sin?
50%
Hits Different
50%
hoax
50%
Innocent
50%
Is It Over Now?
50%
ivy
50%
Never Grow Up
50%
no body, no crime
50%
Our Song
50%
Picture To Burn
50%
Ruin The Friendship
50%
State Of Grace
50%
State Of Grace (Acoustic Version)
50%
Stay Stay Stay
50%
Teardrops On My Guitar
50%
the lakes
50%
The Manuscript
50%
The Way I Loved You
50%
Timeless
50%
Vigilante Shit
50%
Wi$h Li$t
50%
You Are In Love
50%
A Place In This World
44%
Bigger Than The Whole Sky
44%
Bye Bye Baby
44%
CANCELLED!
44%
Castles Crumbling
44%
Cold As You
44%
cowboy like me
44%
Dancing With Our Hands Tied
44%
Death By A Thousand Cuts
44%
epiphany
44%
False God
44%
Foolish One
44%
happiness
44%
Hey Stephen
44%
Holy Ground
44%
How Did It End?
44%
I Can Do It With A Broken Heart
44%
I Forgot That You Existed
44%
Imgonnagetyouback
44%
I Think He Knows
44%
I Wish You Would
44%
Now That We Don't Talk
44%
Should've Said No
44%
So High School
44%
So It Goes...
44%
Soon You'll Get Better
44%
Sweet Nothing
44%
This Is Why We Can't Have Nice Things
44%
This Love
44%
'tis the damn season
44%
Treacherous
44%
Would've Could've Should've
44%
Babe
38%
Better Man
38%
Chloe Or Sam Or Sophia Or Marcus
38%
Come Back... Be Here
38%
Everything Has Changed
38%
Forever Winter
38%
Girl At Home
38%
High Infidelity
38%
How You Get The Girl
38%
I Bet You Think About Me
38%
I Can Fix Him (No Really I Can)
38%
I Look In People's Windows
38%
long story short
38%
Mary's Song (Oh My My My)
38%
Message In A Bottle
38%
Mr. Perfectly Fine
38%
Nothing New
38%
right where you left me
38%
Starlight
38%
Suburban Legends
38%
Superstar
38%
Sweeter Than Fiction
38%
The Best Day
38%
The Bolter
38%
The Last Time
38%
The Outside
38%
When Emma Falls In Love
38%
Breathe
31%
Carolina
31%
Change
31%
Forever & Always
31%
Forever & Always (Piano Version)
31%
Fresh Out The Slammer
31%
I Almost Do
31%
I Don't Wanna Live Forever
31%
I Hate It Here
31%
It's Nice To Have A Friend
31%
it's time to go
31%
Labyrinth
31%
Run
31%
Say Don't Go
31%
Stay Beautiful
31%
thanK you aIMee
31%
The Lucky One
31%
The Other Side Of The Door
31%
The Smallest Man Who Ever Lived
31%
Tied Together With A Smile
31%
Christmas Tree Farm
25%
closure
25%
Don't You
25%
If This Was A Movie
25%
I'm Only Me When I'm With You
25%
Renegade
25%
Sad Beautiful Tragic
25%
That's When
25%
The Moment I Knew
25%
Untouchable
25%
us.
25%
You're Not Sorry
25%
All Of The Girls You Loved Before
19%
A Perfectly Good Heart
19%
Come In With The Rain
19%
Crazier
19%
Eyes Open
19%
Jump Then Fall
19%
Tell Me Why
19%
The Joker And The Queen
19%
Today Was A Fairytale
19%
We Were Happy
19%
Beautiful Ghosts
13%
Both Of Us
13%
Gasoline
13%
Highway Don't Care
13%
Last Christmas
13%
Macavity
13%
Only The Young
13%
Santa Baby
13%
The Alcott
13%
White Christmas
13%
You All Over Me
13%
Beautiful Eyes
6%
Birch
6%
Christmases When You Were Mine
6%
Christmas Must Be Something More
6%
I Heart ?
6%
Silent Night
6%
Half Of My Heart
0%
Two Is Better Than One
0%
Nenhum quiz correspondente encontrado
Distribuição das Pontuações
Porcentagem de Pessoas com Cada Pontuação
Percentil de Números Respondidos
Sua Pontuação Histórica
Você não jogou esse quiz